| 000 | 01166nam a2200337 c 4500 | ||
|---|---|---|---|
| 999 |
_c66045 _d66045 |
||
| 003 | BLK | ||
| 005 | 20250108154519.0 | ||
| 008 | 180408b bul|||||r ||||||| ||bul|| | ||
| 010 | _aKNG00070331000 | ||
| 020 | _a954-529-086-2 | ||
| 040 | _aBLK | ||
| 041 |
_aBUL _cBUL |
||
| 080 |
_aФренска литература _b821.133.1 _x-191 _z821.133.1-191 |
||
| 100 | 1 |
_aЛафонтен, Жан дьо _eпърви автор _987853 |
|
| 139 |
_aЛафонтен, Жан дьо _bЛ 28 |
||
| 245 | 1 | 0 |
_aБасни _cЖан дьо Лафонтен; прев. от фр. Атанас Сугарев; ил. Гюстав Доре. |
| 257 | _aFRA | ||
| 260 |
_bКолибри _c2001 _aСофия |
||
| 300 |
_a176 с. _bс ил. _c17 см |
||
| 380 | _aX | ||
| 500 | _aДоп. тир. 2001 ; В кн. означено 2. изд. | ||
| 700 | 1 |
_aСугарев, Атанас _eпрев. от фр. _9370152 |
|
| 700 | 1 |
_aДоре, Гюстав _eил. _964690 |
|
| 852 | _aЦб І 32247 | ||
| 856 | 4 | _qpdf | |
| 856 | 4 | _qpdf | |
| 942 |
_cKNG _n0 _06 _s1 |
||
| 944 |
_aCR _c03.01.2007 _k30535 _lХристина Везирева |
||
| 944 |
_aED _c04.01.2007 |
||
| 999 | _d66045 | ||